Organizations : (Record no. 34035)
[ view plain ]
| 000 -LEADER | |
|---|---|
| fixed length control field | 00699cam a22002411 4500 |
| 001 - CONTROL NUMBER | |
| control field | 34035 |
| 003 - CONTROL NUMBER IDENTIFIER | |
| rucl marc code | BD-RjUL |
| 005 - DATE AND TIME OF LATEST TRANSACTION | |
| control field | 20211209052109.0 |
| 008 - FIXED-LENGTH DATA ELEMENTS--GENERAL INFORMATION | |
| fixed length control field | 140514s1965 1963 nyua 000 0 eng |
| 035 ## - SYSTEM CONTROL NUMBER | |
| System control number | (BD-RjUL)34129 |
| 040 ## - CATALOGING SOURCE | |
| Original cataloging agency | DLC |
| Transcribing agency | ODaWU |
| Modifying agency | CoU-M |
| -- | BD-RjUL |
| Language of cataloging | eng |
| 041 ## - LANGUAGE CODE | |
| Language code of text/sound track or separate title | eng |
| 082 ## - DEWEY DECIMAL CLASSIFICATION NUMBER | |
| Classification number | 301.15 |
| Author mark and year | LIO 1965 |
| 100 1# - MAIN ENTRY--PERSONAL NAME | |
| Personal name | Litterer, Joseph August, |
| Dates associated with a name | 1926- |
| 9 (RLIN) | 103445 |
| 245 10 - TITLE STATEMENT | |
| Title | Organizations : |
| Remainder of title | structure and behavior / |
| 260 ## - PUBLICATION, DISTRIBUTION, ETC. (IMPRINT) | |
| Place of publication, distribution, etc. | New York : |
| Name of publisher, distributor, etc. | Wiley, |
| Date of publication, distribution, etc. | c1963 [Printed 1965]. |
| 300 ## - PHYSICAL DESCRIPTION | |
| Pagination | 418 p. : |
| Illustrations | illus. ; |
| Size | 27 cm. |
| 650 #0 - SUBJECT ADDED ENTRY--TOPICAL TERM | |
| Topical term or geographic name as entry element | Industrial management. |
| 9 (RLIN) | 103446 |
| Topical term or geographic name as entry element | Industrial sociology. |
| 9 (RLIN) | 103447 |
| 942 ## - ADDED ENTRY ELEMENTS (KOHA) | |
| Source of classification or shelving scheme | Dewey Decimal Classification |
| Koha item type | Books |
| Lost status | Source of classification or shelving scheme | Damaged status | Not for loan | Collection code | Permanent Location | Current Location | Shelving location | Date acquired | Source of acquisition | Cost, normal purchase price | Total Checkouts | Full call number | Date last seen | Copy number | Koha item type |
|---|---|---|---|---|---|---|---|---|---|---|---|---|---|---|---|
| Dewey Decimal Classification | Not For Loan | Non-fiction | Central Library, University of Rajshahi | Central Library, University of Rajshahi | Reading Room | 21/03/1966 | Zeitlinger | 0.00 | 301.15 LIO 1965 | 12/05/2014 | C-1 | Books | |||
| Dewey Decimal Classification | Non-fiction | Central Library, University of Rajshahi | Central Library, University of Rajshahi | 21/03/1966 | Zeitlinger | 0.00 | 301.15 LIO 1965 | 14/05/2014 | C-2 | Books |